[Event "Lipetsk Winter Cup rapid"]
[Site "Lipetsk"]
[Date "2020.01.17"]
[Round "1"]
[White "Evsyukov, Aleksey"]
[Black "Frolyanov, Dmitry"]
[Result "0-1"]
[WhiteElo "1847"]
[BlackElo "2556"]
[PlyCount "68"]
[EventDate "2020.01.17"]
[EventType "swiss (rapid)"]
[EventRounds "11"]
[EventCountry "RUS"]
[SourceTitle "CBM 194 Extra"]
[Source "ChessBase"]
[SourceDate "2020.03.31"]
[SourceVersion "1"]
[SourceVersionDate "2020.03.31"]
[SourceQuality "1"]

1. d4 d5 2. c4 e6 3. Nf3 Nf6 4. Nc3 c6 5. e3 Nbd7 6. Bd3 dxc4 7. Bxc4 b5 8. Bd3 a6 9. e4 c5 10. e5 cxd4 11. Nxb5 axb5 12. exf6 gxf6 13. Qe2 Bc5 14. 0-0 Bb7 15. Re1 Qb6 16. Bf4 b4 17. Nd2 Rg8 18. Bg3 Ne5 19. Ne4 Be7 20. Bxe5 fxe5 21. Qh5 Bd5 22. Qxh7 Rf8 23. a3 Kd7 24. a4 f5 25. Bb5+ Kd8 26. Ng5 Qb7 27. Nf7+ Kc7 28. Nxe5 Kd6 29. Nf7+ Kc5 30. Re5 Bf6 31. Rc1+ Kb6 32. Rxe6+ Bxe6 33. Rc6+ Qxc6 34. Bxc6 Rxf7 0-1

[Event "Voronezh op-B 20th"]
[Site "Voronezh"]
[Date "2016.06.21"]
[Round "9"]
[White "Moshkin, Mikhail"]
[Black "Evsyukov, Aleksey"]
[Result "0-1"]
[WhiteElo "1746"]
[BlackElo "1909"]
[PlyCount "116"]
[EventDate "2016.06.12"]
[EventType "swiss"]
[EventRounds "9"]
[EventCountry "RUS"]
[SourceTitle "EXT 2017"]
[Source "ChessBase"]
[SourceDate "2016.10.25"]
[SourceVersion "1"]
[SourceVersionDate "2016.10.25"]
[SourceQuality "1"]

1. e4 e5 2. Nf3 Nc6 3. Nc3 Nf6 4. Bb5 Bb4 5. 0-0 d6 6. d3 0-0 7. Bg5 Bxc3 8. bxc3 Ne7 9. Re1 Ng6 10. d4 h6 11. Bd2 Bd7 12. Bd3 Re8 13. Rb1 Qc8 14. c4 c5 15. d5 Rf8 16. c3 Ne8 17. Bc1 f5 18. exf5 Bxf5 19. Qc2 Rb8 20. Bxf5 Qxf5 21. Qxf5 Rxf5 22. Nd2 Nf4 23. Ne4 Nd3 24. Rd1 Nxc1 25. Rdxc1 Kf8 26. f3 Ke7 27. Rf1 Nf6 28. Rbe1 Nd7 29. Ng3 Rff8 30. f4 b5 31. cxb5 Rxb5 32. fxe5 Rxf1+ 33. Rxf1 Nxe5 34. Nf5+ Kd7 35. Nxg7 Rb2 36. Rf2 Rb1+ 37. Rf1 Rxf1+ 38. Kxf1 Ng4 39. h3 Ne3+ 40. Kf2 Nd1+ 41. Kg3 Nxc3 42. a3 Nxd5 43. Nf5 h5 44. Ng7 Nf6 45. Kf4 c4 46. Ke3 Kc6 47. Kd4 Kb5 48. Nf5 d5 49. Ne3 h4 50. Nf5 Ka4 51. Nxh4 Kxa3 52. Nf5 Kb3 53. Ne3 a5 54. g4 a4 55. g5 a3 56. gxf6 a2 57. Kxd5 a1Q 58. f7 Qf6 0-1

[Event "Voronezh op-B 20th"]
[Site "Voronezh"]
[Date "2016.06.20"]
[Round "8"]
[White "Evsyukov, Aleksey"]
[Black "Podkopaev, Mikhail"]
[Result "0-1"]
[WhiteElo "1909"]
[BlackElo "2026"]
[PlyCount "80"]
[EventDate "2016.06.12"]
[EventType "swiss"]
[EventRounds "9"]
[EventCountry "RUS"]
[SourceTitle "EXT 2017"]
[Source "ChessBase"]
[SourceDate "2016.10.25"]
[SourceVersion "1"]
[SourceVersionDate "2016.10.25"]
[SourceQuality "1"]

1. d4 d5 2. Nf3 c6 3. c4 e6 4. e3 f5 5. Nc3 Nf6 6. g3 Bd6 7. Bg2 0-0 8. 0-0 Bd7 9. Qd3 Qe8 10. Ne5 Bc8 11. cxd5 exd5 12. f4 Be6 13. b4 a6 14. Na4 Nbd7 15. Bb2 Ne4 16. Nc5 Rb8 17. a4 Bxe5 18. Nxe6 Qxe6 19. dxe5 Nb6 20. Bd4 Nc4 21. b5 axb5 22. axb5 Ra8 23. bxc6 bxc6 24. Rfb1 Rfb8 25. Bh3 Ncd2 26. Rxb8+ Rxb8 27. Bg2 Nc4 28. Qd1 h6 29. Qh5 c5 30. Bxe4 dxe4 31. Bxc5 Nd2 32. Kg2 Nf3 33. Bd4 Rc8 34. g4 Rc2+ 35. Kg3 Nxd4 36. Ra8+ Kh7 37. g5 Ne2+ 38. Kh4 Nxf4 39. Qd1 hxg5+ 40. Kxg5 Qg6+ 0-1

[Event "Voronezh op-B 20th"]
[Site "Voronezh"]
[Date "2016.06.16"]
[Round "5"]
[White "Muhtarov, Leonid"]
[Black "Evsyukov, Aleksey"]
[Result "1-0"]
[WhiteElo "2013"]
[BlackElo "1909"]
[PlyCount "163"]
[EventDate "2016.06.12"]
[EventType "swiss"]
[EventRounds "9"]
[EventCountry "RUS"]
[SourceTitle "EXT 2017"]
[Source "ChessBase"]
[SourceDate "2016.10.25"]
[SourceVersion "1"]
[SourceVersionDate "2016.10.25"]
[SourceQuality "1"]

1. Nf3 d5 2. g3 Nf6 3. Bg2 c6 4. 0-0 Bf5 5. d3 Nbd7 6. Nbd2 e5 7. Re1 Bc5 8. e4 dxe4 9. dxe4 Bg6 10. Nh4 Bh5 11. Ndf3 Ng4 12. Rf1 Qb6 13. Qe2 0-0-0 14. h3 Nh6 15. c3 Kb8 16. b4 Be7 17. g4 Bg6 18. Nf5 Bxf5 19. exf5 f6 20. Be3 Qb5 21. Qc2 Nb6 22. Nd2 Qd3 23. Qxd3 Rxd3 24. Ne4 Rhd8 25. Rfc1 Nf7 26. Bf1 R3d7 27. Nc5 Bxc5 28. Bxc5 Nd5 29. c4 Nf4 30. Be3 Nd3 31. Rcb1 Nf4 32. Kh2 Ng5 33. b5 cxb5 34. Rxb5 Nf3+ 35. Kg3 Nd2 36. Bxd2 Rxd2 37. Rab1 R8d7 38. c5 Rc2 39. R1b3 Rc7 40. Bg2 Nxg2 41. Kxg2 R2xc5 42. R5b4 Rc2 43. Rd3 b6 44. Rd8+ Kb7 45. a4 R2c4 46. Rxc4 Rxc4 47. Kg3 Rc7 48. h4 h6 49. g5 hxg5 50. hxg5 fxg5 51. Kg4 Rf7 52. Kxg5 Kc6 53. Re8 Kd7 54. Rxe5 a6 55. Re6 b5 56. Rxa6 bxa4 57. Rxa4 Kd6 58. Ra6+ Ke5 59. Re6+ Kd5 60. Kg6 Rc7 61. f4 Rb7 62. Re8 Rc7 63. f6 gxf6 64. Kxf6 Rc6+ 65. Kg5 Kd6 66. f5 Rc1 67. f6 Rg1+ 68. Kh6 Rf1 69. Kg7 Rg1+ 70. Kf8 Rf1 71. Kf7 Kd7 72. Re7+ Kd8 73. Re5 Kd7 74. Rd5+ Kc7 75. Ke7 Re1+ 76. Kf8 Kc6 77. Rd3 Rg1 78. f7 Rg2 79. Rd4 Kc5 80. Rd7 Kc6 81. Ke8 Rf2 82. Re7 1-0

[Event "Voronezh op-B 19th"]
[Site "Voronezh"]
[Date "2015.06.18"]
[Round "6"]
[White "Tsyrendashiev, Bato"]
[Black "Evsyukov, Aleksey"]
[Result "0-1"]
[WhiteElo "1676"]
[BlackElo "1862"]
[PlyCount "94"]
[EventDate "2015.06.12"]
[EventType "swiss"]
[EventRounds "9"]
[EventCountry "RUS"]
[SourceTitle "CBM 167 Extra"]
[Source "ChessBase"]
[SourceDate "2015.09.14"]
[SourceVersion "1"]
[SourceVersionDate "2015.09.14"]
[SourceQuality "1"]

1. e4 e5 2. Nf3 Nc6 3. Bc4 Bc5 4. b4 Bxb4 5. c3 Bd6 6. d4 Nf6 7. 0-0 0-0 8. dxe5 Bxe5 9. Ng5 d5 10. exd5 Na5 11. Bd3 Bd6 12. h3 c6 13. dxc6 Nxc6 14. Nd2 Ne5 15. Bc2 b6 16. Nde4 Nxe4 17. Bxe4 h6 18. Bxa8 hxg5 19. Be4 g4 20. Bf4 Qf6 21. Bg3 gxh3 22. gxh3 Bxh3 23. Qh5 Qh6 24. Qxh6 gxh6 25. Rfe1 f6 26. Rad1 Bc5 27. Rd2 Be6 28. Kg2 Kh8 29. Bd5 Rd8 30. Bxe5 Bxd5+ 31. Kh2 fxe5 32. c4 Bb4 33. Red1 Bxd2 34. Rxd2 Kg7 35. cxd5 Kf6 36. Kg3 Ke7 37. f4 Rg8+ 38. Kf3 Rf8 39. f5 Rxf5+ 40. Ke4 Rg5 41. d6+ Kd7 42. Kd5 h5 43. Rc2 e4+ 44. Kxe4 Kxd6 45. Rf2 Kc5 46. Rf5+ Rxf5 47. Kxf5 Kb4 0-1

[Event "Voronezh op-B 19th"]
[Site "Voronezh"]
[Date "2015.06.14"]
[Round "3"]
[White "Evsyukov, Aleksey"]
[Black "Popov, Alexey"]
[Result "0-1"]
[WhiteElo "1862"]
[BlackElo "2111"]
[PlyCount "96"]
[EventDate "2015.06.12"]
[EventType "swiss"]
[EventRounds "9"]
[EventCountry "RUS"]
[SourceTitle "CBM 167 Extra"]
[Source "ChessBase"]
[SourceDate "2015.09.14"]
[SourceVersion "1"]
[SourceVersionDate "2015.09.14"]
[SourceQuality "1"]

1. d4 d5 2. Nf3 Nf6 3. e3 Bg4 4. c4 c6 5. Nc3 a6 6. h3 Bxf3 7. Qxf3 b5 8. b3 bxc4 9. bxc4 e5 10. c5 Nbd7 11. Qd1 g6 12. Qa4 Qc7 13. Be2 Bg7 14. 0-0 0-0 15. Rb1 Rfe8 16. Rd1 exd4 17. exd4 Ne4 18. Nxe4 Rxe4 19. Bf3 Ree8 20. g3 a5 21. Bf4 Qc8 22. Kg2 Nf8 23. Rb6 Ne6 24. Be3 Nd8 25. Bg4 f5 26. Bf3 Qd7 27. Rdb1 Kf7 28. Qd1 Bf6 29. Qd3 Re7 30. g4 f4 31. Bxf4 Ne6 32. Be3 Bxd4 33. Rb7 Qxb7 34. Rxb7 Rxb7 35. Qa3 Bxe3 36. fxe3 Rb5 37. e4 dxe4 38. Bxe4 Rxc5 39. Qe3 Rb8 40. Bxc6 Rb2+ 41. Kg3 Rbc2 42. Bf3 R2c3 43. Qd2 g5 44. Qd7+ Kf6 45. Kf2 Ke5 46. Qe7 Rc7 47. Qe8 Rc8 48. Qe7 Rf8 0-1

[Event "Chigorin Memorial 22nd"]
[Site "St Petersburg"]
[Date "2014.10.22"]
[Round "5"]
[White "Evsyukov, Aleksey"]
[Black "Khalikov, Bulat"]
[Result "0-1"]
[WhiteElo "1908"]
[BlackElo "1637"]
[PlyCount "166"]
[EventDate "2014.10.18"]
[EventType "swiss"]
[EventRounds "9"]
[EventCountry "RUS"]
[SourceTitle "EXT 2015"]
[Source "ChessBase"]
[SourceDate "2014.11.20"]
[SourceVersion "1"]
[SourceVersionDate "2014.11.20"]
[SourceQuality "1"]

1. e4 e5 2. Nf3 Nc6 3. d4 exd4 4. Nxd4 Bc5 5. Be3 Qf6 6. c3 Nge7 7. Bc4 d6 8. 0-0 0-0 9. a4 a6 10. Na3 Ne5 11. Be2 Bxa3 12. Rxa3 c5 13. Nf3 Nxf3+ 14. Bxf3 Bd7 15. Bxc5 dxc5 16. Qxd7 Rfd8 17. Qxb7 Rab8 18. Qc7 Rdc8 19. Qg3 Rxb2 20. e5 Qg6 21. Qf4 Rb1 22. Qe4 Rcb8 23. Ra1 Rxa1 24. Rxa1 Qb6 25. Rd1 h6 26. g3 Qc7 27. e6 f5 28. Qd3 a5 29. Qd7 Qxd7 30. Rxd7 Kf8 31. Be2 g6 32. Bb5 Rb6 33. Rd8+ Kg7 34. Bd7 Rb1+ 35. Kg2 Rc1 36. Re8 Kf6 37. Ra8 Rxc3 38. Rxa5 Rc1 39. Kf3 c4 40. Ke3 c3 41. Kd3 Rf1 42. f4 Rf2 43. Kxc3 g5 44. fxg5+ hxg5 45. Kd4 Rxh2 46. Ra8 Rd2+ 47. Ke3 Ra2 48. Kd4 Rd2+ 49. Kc5 Rc2+ 50. Kb5 Rb2+ 51. Ka6 Rb3 52. a5 Rxg3 53. Rf8+ Ke5 54. Ka7 g4 55. a6 Rb3 56. Rb8 Ra3 57. Rb5+ Kd6 58. Rb6+ Kc7 59. Rb7+ Kd6 60. Rb6+ Ke5 61. Rb5+ Kf6 62. Kb7 g3 63. Rb2 f4 64. Rg2 f3 65. Rxg3 f2 66. Rxa3 f1Q 67. a7 Qh1+ 68. Ka6 Qa8 69. Rb3 Qd5 70. Rb5 Qf3 71. Rb8 Qa3+ 72. Kb7 Qb4+ 73. Ka8 Qe4+ 74. Rb7 Qd5 75. Kb8 Qd6+ 76. Ka8 Nd5 77. Rb1 Qc7 78. Rf1+ Ke7 79. Rb1 Nb6+ 80. Rxb6 Qxb6 81. Bb5 Kxe6 82. Bd7+ Kd6 83. Bc8 Kc7 0-1

[Event "Chigorin Memorial 22nd"]
[Site "St Petersburg"]
[Date "2014.10.20"]
[Round "3"]
[White "Evsyukov, Aleksey"]
[Black "Pankova, Julia"]
[Result "0-1"]
[WhiteElo "1908"]
[BlackElo "1655"]
[PlyCount "64"]
[EventDate "2014.10.18"]
[EventType "swiss"]
[EventRounds "9"]
[EventCountry "RUS"]
[SourceTitle "EXT 2015"]
[Source "ChessBase"]
[SourceDate "2014.11.20"]
[SourceVersion "1"]
[SourceVersionDate "2014.11.20"]
[SourceQuality "1"]

1. e4 c5 2. Nf3 e6 3. d4 cxd4 4. Nxd4 a6 5. Nc3 Qc7 6. Be3 Nf6 7. a3 b5 8. Bd3 Bb7 9. 0-0 Be7 10. f4 0-0 11. Qf3 Nc6 12. Rad1 Na5 13. Kh1 Nc4 14. Bc1 b4 15. axb4 Bxb4 16. Na2 Ba5 17. Qe2 Rac8 18. b3 Bb6 19. Bxc4 d5 20. exd5 exd5 21. Bxa6 Bxa6 22. Qxa6 Ra8 23. Qb5 Rxa2 24. Be3 Bxd4 25. Rxd4 Rxc2 26. Rdd1 Rb8 27. Qa4 Qb7 28. Bd4 Ne4 29. Qa1 Ra8 30. Qb1 Raa2 31. Rg1 Qa6 32. Rc1 Ng3+ 0-1

[Event "Chigorin Memorial 19th"]
[Site "St Petersburg"]
[Date "2011.10.21"]
[Round "8"]
[White "Evsyukov, Aleksey"]
[Black "Dzhavathanov, Magomed"]
[Result "1-0"]
[WhiteElo "1902"]
[BlackElo "1793"]
[PlyCount "161"]
[EventDate "2011.10.14"]
[EventType "swiss"]
[EventRounds "9"]
[EventCountry "RUS"]
[SourceTitle "CBM 144 Extra"]
[Source "ChessBase"]
[SourceDate "2011.10.28"]
[SourceVersion "1"]
[SourceVersionDate "2011.10.28"]
[SourceQuality "1"]

1. e4 d6 2. d4 g6 3. Nc3 Bg7 4. f4 Nd7 5. Nf3 c6 6. Be2 Qb6 7. e5 d5 8. 0-0 Nf8 9. Na4 Qd8 10. Be3 h5 11. c4 e6 12. cxd5 exd5 13. b4 a6 14. Nc3 b5 15. a4 Bd7 16. Bd3 Nh6 17. Qc2 Nf5 18. Bf2 Bh6 19. axb5 axb5 20. Rxa8 Qxa8 21. Ng5 h4 22. Ne2 Qa3 23. Bxf5 gxf5 24. Bxh4 Ng6 25. Be1 Nxf4 26. Nxf4 Bxg5 27. Bc3 Qa8 28. Ne2 Be3+ 29. Kh1 Qd8 30. Be1 Qg5 31. Bg3 Qh6 32. Ra1 0-0 33. Rf1 Ra8 34. Qb2 Kg7 35. Bf4 Bxf4 36. Nxf4 Qh4 37. g3 Qe7 38. Nd3 f4 39. Rxf4 Bh3 40. Rf6 Qa7 41. Kg1 Qa4 42. Qc1 Qa1 43. Qxa1 Rxa1+ 44. Kf2 Ra2+ 45. Ke3 Ra3 46. Rf2 Kg6 47. Rd2 Bf5 48. Ke2 Rb3 49. Nf4+ Kg5 50. Nd3 Kg4 51. Nf2+ Kg5 52. Nd3 Be4 53. Nc5 Rxb4 54. Nxe4+ dxe4 55. Ke3 Kf5 56. Rf2+ Ke6 57. Rf6+ Kd7 58. Rxf7+ Ke6 59. Rf6+ Kd7 60. Rf4 Rb2 61. Kxe4 Rxh2 62. Rf3 Ke6 63. Rf6+ Kd7 64. Kd3 Rg2 65. Rd6+ Kc7 66. Rg6 Rg1 67. g4 Rg3+ 68. Kc2 b4 69. Rg7+ Kc8 70. g5 Rc3+ 71. Kd2 Rc4 72. Rf7 Rxd4+ 73. Ke3 Rg4 74. Rf5 c5 75. e6 c4 76. Rd5 Rg1 77. Ke2 Rh1 78. e7 Rh8 79. g6 Re8 80. Rd8+ Rxd8 81. exd8Q+ 1-0

[Event "Chigorin Memorial 19th"]
[Site "St Petersburg"]
[Date "2011.10.19"]
[Round "6"]
[White "Egorov, Daniil"]
[Black "Evsyukov, Aleksey"]
[Result "1-0"]
[WhiteElo "1826"]
[BlackElo "1902"]
[PlyCount "65"]
[EventDate "2011.10.14"]
[EventType "swiss"]
[EventRounds "9"]
[EventCountry "RUS"]
[SourceTitle "CBM 144 Extra"]
[Source "ChessBase"]
[SourceDate "2011.10.28"]
[SourceVersion "1"]
[SourceVersionDate "2011.10.28"]
[SourceQuality "1"]

1. e4 c5 2. c3 d6 3. d4 cxd4 4. cxd4 Nf6 5. Bd3 Nc6 6. Ne2 e6 7. Nbc3 Be7 8. 0-0 a6 9. Kh1 0-0 10. f4 b5 11. e5 Ne8 12. Be3 g6 13. Rc1 Bb7 14. Ne4 Nb4 15. Bb1 f5 16. N4c3 Rf7 17. a3 Nd5 18. Nxd5 Bxd5 19. Nc3 Bb7 20. d5 exd5 21. Nxd5 dxe5 22. Ba2 Kg7 23. Nb6 Rf8 24. Nxa8 Qxa8 25. Rf2 Nf6 26. Rc7 Re8 27. fxe5 Ng4 28. Qd2 Nxf2+ 29. Qxf2 Bd5 30. Qh4 Qd8 31. Qf6+ Kg8 32. Bxd5+ Qxd5 33. Rxe7 1-0

[Event "Lipetsk Region-ch"]
[Site "Lipetsk"]
[Date "2010.03.29"]
[Round "8"]
[White "Airapetian, Gor"]
[Black "Evsyukov, Aleksey"]
[Result "1-0"]
[WhiteElo "2429"]
[BlackElo "1956"]
[PlyCount "45"]
[EventDate "2010.03.22"]
[EventType "swiss"]
[EventRounds "9"]
[EventCountry "RUS"]
[SourceTitle "EXT 2011"]
[Source "ChessBase"]
[SourceDate "2010.11.26"]
[SourceVersion "1"]
[SourceVersionDate "2010.11.26"]
[SourceQuality "1"]

1. d4 d5 2. c4 dxc4 3. Nc3 Nf6 4. Nf3 e6 5. Bg5 Bb4 6. Qc2 h6 7. Bh4 Nc6 8. e3 a6 9. Bxc4 b5 10. Be2 Bb7 11. a3 Be7 12. b4 0-0 13. 0-0 Nd5 14. Bxe7 Ncxe7 15. Ne4 Nb6 16. Nc5 Ra7 17. Ne5 Nf5 18. Nxb7 Rxb7 19. Bf3 Nd5 20. Nc6 Qg5 21. Bxd5 Nh4 22. Ne7+ Qxe7 23. Bxb7 1-0

[Event "Lipetsk Region-ch"]
[Site "Lipetsk"]
[Date "2010.03.23"]
[Round "2"]
[White "Evsyukov, Aleksey"]
[Black "Volobuev, Sergey"]
[Result "0-1"]
[WhiteElo "1956"]
[BlackElo "1834"]
[PlyCount "98"]
[EventDate "2010.03.22"]
[EventType "swiss"]
[EventRounds "9"]
[EventCountry "RUS"]
[SourceTitle "EXT 2011"]
[Source "ChessBase"]
[SourceDate "2010.11.26"]
[SourceVersion "1"]
[SourceVersionDate "2010.11.26"]
[SourceQuality "1"]

1. e4 g6 2. d4 Bg7 3. Nc3 c6 4. Be3 d5 5. e5 Nh6 6. Qd2 Nf5 7. Bf4 h5 8. Nf3 b5 9. 0-0-0 a5 10. h3 a4 11. Be2 b4 12. Nb1 Qa5 13. g4 b3 14. Qxa5 Rxa5 15. cxb3 axb3 16. a3 Nh6 17. gxh5 gxh5 18. Nbd2 Ba6 19. Bxa6 Nxa6 20. Nxb3 Rb5 21. Kc2 0-0 22. Rhg1 Nf5 23. Nc1 c5 24. b3 Rc8 25. Kb2 e6 26. Ka2 c4 27. Rd2 Kf8 28. bxc4 Rxc4 29. Rb2 Rxb2+ 30. Kxb2 Nxd4 31. Nxd4 Rxd4 32. Bg3 Nc5 33. Re1 h4 34. Bh2 Rd2+ 35. Kc3 Bh6 36. Kb4 Ne4 37. Re2 Nxf2 38. Kb5 Nxh3 39. Rxd2 Bxd2 40. Nd3 Ng5 41. Bg1 Nf3 42. Bb6 h3 43. Nf2 h2 44. Bc7 Be3 45. Nh1 d4 46. Kc4 Ke7 47. a4 Kd7 48. Bd6 f6 49. a5 Nxe5+ 0-1